000 01036cam a2200289 i 4500
999 _c9592
_d9592
001 1975342
003 OCoLC
005 20241126110715.0
008 751211s1976 ilu 001 0 eng
010 _a 75044088
020 _z0802453064 :
_c$7.95
020 _a9780802411693
035 _a(OCoLC)1975342
040 _aDLC
_cDLC
_dOCL
_dWY@
_dIDI
050 0 0 _aBS1560
_b.F4
082 _a224.9066
_bFEI
092 _a224.9066
_bF2992
100 1 _aFeinberg, Charles Lee.
_916662
245 1 4 _aThe minor prophets /
_cCharles Lee Feinberg.
260 _aChicago :
_bMoody Press,
_c1976.
300 _a360 p. ;
_c24 cm.
500 _aFormerly published in the series: The Major messages of the minor prophets, c1948-c1952.
500 _aIncludes indexes.
505 0 0 _tHosea: God's love for Israel --
_tJoel, Amos, and Obadiah --
_tJonah, Micah, and Nahum --
_tHabakkuk, Zephaniah, Haggai, and Malachi --
_tZechariah: Israel's comfort and glory.
630 0 0 _aBible.
_pO.T.
_pMinor Prophets
_vCommentaries.
_916663
942 _2ddc
_cBK
_03